000 01046nam0a2200253 4500
001 RU\NLR\BIBL_A\011694682
005 20260407070656.0
035 _a(NLR Aleph) 011694682
090 _a13416772
_c13416772
100 _a20180508d1947 |||y0rusy50 ca
101 0 _achv
102 _aRU
105 _ay z 000 y
200 1 _aАрифметика
_eҫичӗ ҫул вӗренмелли тата вӑтам шк. 5-мӗш кл. вӗренмелли учебник
_fА. П. Киселёв
_gпроф. А. Я. Хинчин юсаса кӑларнӑ
205 _a3-мӗш изд.
210 _aШупашкар
_cАССР гос. изд-ви
_d1947
215 _a143,[1] с.
_d23
541 1 _aАрифметика
_eучебник для 5-го кл. 7-летней и сред. шк.
686 1 _aВ10
700 1 _8rus
_7ca
_aКиселев
_bА. П.
_cпедагог, математик
_f1852-1940
_gАндрей Петрович
_3RU\NLR\AUTH\770166867
_9166820
852 _aNLR
_bОНЛ
_jЧув./3-720
942 _cBOOK
980 _aNB